[Event "XIV Mitropa Cup"]
[Site "Brno TCH"]
[Date "1991.10.??"]
[Round "6.1"]
[White "Marinelli, Tullio"]
[Black "Fogarasi, Tibor"]
[Result "0-1"]
[WhiteElo "2365"]
[BlackElo "2420"]
[Annotator "ITA-HUN"]
[PlyCount "74"]
[EventDate "1991.10.04"]

1. d4 Nf6 2. c4 g6 3. Nc3 d5 4. Nf3 Bg7 5. Qb3 dxc4 6. Qxc4 O-O 7. e4 a6 8. Qb3
b5 9. e5 Ng4 10. Bf4 c5 11. h3 cxd4 12. Rd1 Qa5 13. Rxd4 Nh6 14. Qd5 Ra7 15. b4
Qc7 16. Qb3 Nc6 17. Rd1 Be6 18. Nd5 Qb8 19. Ng5 Bxd5 20. Rxd5 Bxe5 21. Bxe5
Nxe5 22. Qc3 Rc8 23. Qxe5 Qxe5+ 24. Rxe5 f6 25. Rd5 fxg5 26. Kd2 e6 27. Rxg5
Rd7+ 28. Bd3 Rcd8 29. Rg3 Nf5 30. Rf3 Nh4 31. Rg3 Nxg2 32. Kc2 Nf4 33. Be4 Rd2+
34. Kb3 Rxf2 35. Bb7 Ne2 36. Re3 Nd4+ 37. Kc3 Rxa2 0-1

[Event "XIV Mitropa Cup"]
[Site "Brno TCH"]
[Date "1991.10.??"]
[Round "6.3"]
[White "Bellia, Fabrizio"]
[Black "Somlai, Laszlo"]
[Result "1/2-1/2"]
[WhiteElo "2270"]
[BlackElo "2375"]
[Annotator "ITA-HUN"]
[PlyCount "44"]
[EventDate "1991.10.04"]

1. e4 e6 2. d4 d5 3. Nd2 Nf6 4. e5 Nfd7 5. Bd3 c5 6. c3 Nc6 7. Ne2 cxd4 8. cxd4
f6 9. exf6 Nxf6 10. O-O Bd6 11. Nf3 O-O 12. Bf4 Bxf4 13. Nxf4 Ne4 14. Ne2 Rxf3
15. gxf3 Ng5 16. Kh1 e5 17. dxe5 Nxf3 18. Bxh7+ Kh8 19. Ng1 Bg4 20. Nxf3 Nd4
21. Nxd4 Bxd1 22. Raxd1 Kxh7 1/2-1/2

[Event "XIV Mitropa Cup"]
[Site "Brno TCH"]
[Date "1991.10.??"]
[Round "7.1"]
[White "Damljanovic, Branko"]
[Black "Marinelli, Tullio"]
[Result "1-0"]
[WhiteElo "2585"]
[BlackElo "2365"]
[Annotator "ITA-YUG"]
[PlyCount "169"]
[EventDate "1991.10.04"]

1. Nf3 Nf6 2. g3 b6 3. Bg2 Bb7 4. O-O e6 5. c4 Be7 6. b3 O-O 7. Bb2 c5 8. e3 d5
9. Nc3 dxc4 10. bxc4 Nc6 11. Qe2 Rc8 12. Rfd1 Qc7 13. Rac1 Na5 14. d3 Qb8 15.
h4 Qa8 16. Ne1 Bxg2 17. Nxg2 Rfd8 18. g4 Ne8 19. Ne4 a6 20. a4 Qc6 21. g5 b5
22. axb5 axb5 23. cxb5 Qxb5 24. Nf4 c4 25. d4 Qb7 26. Nc3 Rb8 27. Rc2 Qc7 28.
d5 e5 29. Nh5 g6 30. Ng3 f5 31. gxf6 Bxf6 32. h5 Qg7 33. Nce4 Be7 34. h6 Qxh6
35. Bxe5 Rb6 36. Bc3 Bb4 37. Bd4 Rb7 38. Qg4 Qf8 39. Ng5 Rd6 40. N3e4 Ra6 41.
Qc8 Be7 42. Ne6 Qf7 43. d6 Rxd6 44. Nxd6 Bxd6 45. Ng5 Qe7 46. Qe6+ Kf8 47.
Qxe7+ Bxe7 48. Ne4 Kf7 49. Kg2 h5 50. Bh8 Rc7 51. Rd5 Nb7 52. Be5 Rc6 53. Rd7
Nc5 54. Nxc5 Rxc5 55. Bb2 Rg5+ 56. Kf1 Ke6 57. Rd4 Nd6 58. Ba3 Rd5 59. Bxd6
Bxd6 60. Rcxc4 Rxd4 61. Rxd4 g5 62. f3 Bc5 63. Ra4 Kd5 64. Ke2 h4 65. Rg4 Be7
66. Kf2 Ke5 67. Kg2 Kf5 68. Rc4 Kg6 69. Kh3 Kh5 70. Rc6 Ba3 71. e4 Bb2 72. Rc5
Ba3 73. Rf5 Bd6 74. Rf7 Bg3 75. Re7 Bf4 76. Re8 Bd2 77. Re5 Be3 78. Rf5 Bf4 79.
e5 Kg6 80. Kg4 h3 81. e6 Bd6 82. Rxg5+ Kf6 83. Rh5 h2 84. f4 Kxe6 85. Rxh2 1-0